How to draw Animals in Simple Steps (Record no. 241239)

MARC details
000 -LEADER
fixed length control field 00328pam a2200133 a 4500
020 ## - INTERNATIONAL STANDARD BOOK NUMBER
Terms of availability
041 ## - LANGUAGE CODE
Language code of original
082 ## - DEWEY DECIMAL CLASSIFICATION NUMBER
Classification number 743.6
Item number PIN
100 ## - MAIN ENTRY--PERSONAL NAME
Personal name Polly Pinder Susie Hodge.
245 ## - TITLE STATEMENT
Title How to draw Animals in Simple Steps
Medium Textual Documents
260 ## - PUBLICATION, DISTRIBUTION, ETC.
Place of publication, distribution, etc. [s.l]:
Name of publisher, distributor, etc. Sear press U. k. .
300 ## - PHYSICAL DESCRIPTION
Extent 144:
Other physical details paper.
930 ## - EQUIVALENCE OR CROSS-REFERENCE-UNIFORM TITLE HEADING [LOCAL, CANADA]
Uniform title 7449
Holdings
Withdrawn status Lost status Damaged status Not for loan Collection Home library Current library Date acquired Source of acquisition Cost, normal purchase price Total Checkouts Full call number Barcode Date last seen Date last checked out Copy number Price effective from Koha item type
          College of Fine Arts, Pune College of Fine Arts, Pune 26/02/2016 Bhararti Sahakari Grahak Bhandar 1150.00 1 743.6 PIN FAP-8106 13/10/2023 13/10/2023 1 07/03/2023 Book